History Quiz

Random History or Celebrity Quiz

Historical People at Disneyland Quiz Stats

 Plays Quiz Updated Feb 28, 2015

Challenge
Share
Tweet
Score 0/25 Timer 07:00
1 Play Today
% Correct
Michael Jackson
97.9%
John F. Kennedy & Ahmed Sékou Touré, President of Guinea
97.4%
Barack Obama
97.3%
Muhammad Ali
91.1%
Paul McCartney
86.1%
George H.W. Bush
84.8%
Richard Nixon on Snow White's Scary Adventures
84.3%
George Lucas
82.5%
Robert F. Kennedy & John Glenn on Matterhorn Bobsleds
78.2%
Walt Disney on Opening Day July 17, 1955
77.3%
Ronald Reagan at Grand Opening of Disneyland
71.8%
Louis Armstrong aboard the Mark Twain
71%
Dwight & Mamie Eisenhower
70.2%
% Correct
Frank Sinatra and Frank Sinatra, Jr. riding Autopia
68.7%
Jimmy Carter and friends
65.6%
Elizabeth Taylor and kids
62.2%
Jane Goodall at opening of Disney's Animal Kingdom
60.8%
Sarah, Duchess of York, Princess Beatrice & Princess Eugenie
57.1%
Harry & Bess Truman
53.4%
Jawaharlal Nehru & Indira Gandhi
48.1%
Neil Armstrong
42.4%
Jerry Lewis & Gary Lewis on Mr. Toad's Wild Ride
40.7%
Wayne King, Count Basie, Duke Ellington & Bill Elliot
36.6%
Emperor Hirohito
35.8%
Groucho Marx and his daughter
33.4%

You're not logged in!

Compare scores with friends on all Sporcle quizzes.
Join for Free
OR
Log In

You Might Also Like...

Show Comments

Extras

Top Quizzes Today


Score Distribution

Your Account Isn't Verified!

In order to create a playlist on Sporcle, you need to verify the email address you used during registration. Go to your Sporcle Settings to finish the process.

Report this User

Report this user for behavior that violates our Community Guidelines.

Details: